Contribución al estudio de la trombo-flebitis del seno-lateral (Record no. 45240)

MARC details
000 -LEADER
campo de control de longitud fija 00518nam a2200157 i 4500
001 - NÚMERO DE CONTROL
campo de control 45240
003 - IDENTIFICADOR DE NÚMERO DE CONTROL
campo de control ES-MaACL
005 - FECHA Y HORA DE LA ÚLTIMA TRANSACCIÓN
campo de control 20230906161203.0
007 - CAMPO FIJO DE DESCRIPCIÓN FÍSICA--INFORMACIÓN GENERAL
campo de control de longitud fija t|
008 - DATOS DE LONGITUD FIJA--INFORMACIÓN GENERAL
campo de control de longitud fija 030325s1907 sp ||||1| spa d
100 1# - ENTRADA PRINCIPAL--NOMBRE DE PERSONA
Nombre de persona Cobos Carceller, Julio.
9 (RLIN) 39370
245 10 - MENCIÓN DEL TÍTULO
Título Contribución al estudio de la trombo-flebitis del seno-lateral
Resto del título : tesis doctoral /
Mención de responsabilidad, etc. por Julio Cobos Carceller.
260 ## - PUBLICACIÓN, DISTRIBUCIÓN, ETC.
Lugar de publicación, distribución, etc. Sevilla :
Nombre del editor, distribuidor, etc. [s.n.,
Fecha de publicación, distribución, etc. 1907] (
Fabricante Tip. de "El correo de Andalucía")
502 ## - NOTA DE TESIS
Nota de tesis Tesis doctoral.
852 ## - LOCALIZACIÓN
Ubicación ES-MaACL
Número de control de estantería T-1132-F-6
Holdings
Estatus retirado Estado de pérdida Estado de daño No para préstamo Colección Biblioteca de origen Biblioteca actual Ubicación en estantería Fecha de adquisición Fuente de adquisición Total de préstamos Signatura topográfica completa Código de barras Visto por última vez Precio de reemplazo Tipo de ítem Koha
        Colección de folletos Biblioteca del Ateneo de Madrid Biblioteca del Ateneo de Madrid Depósito folletos 17/01/2008     T-1132-F-6 1047606 23/02/2023 23/02/2023 Folleto